[Event "1'  Weekend Dorico"]
[Site "?"]
[Date "2025.05.18"]
[Round "5"]
[White "Sirghi, Timotei"]
[Black "Patrignani, Tiziano"]
[Result "0-1"]
[WhiteElo "1834"]
[BlackElo "2061"]
[PlyCount "82"]
[EventDate "2025.??.??"]
[SourceVersionDate "2025.05.20"]

1. e4 e6 2. d3 d5 3. Nd2 c5 4. g3 Nc6 5. Bg2 g6 6. Ngf3 Bg7 7. O-O Nge7 8. Re1 h6 9. c3 b6 10. Qe2 O-O 11. h4 a5 12. a4 Ba6 13. e5 b5 14. axb5 Bxb5 15. c4 Ba6 16. Nf1 Rb8 17. Ra3 Qb6 18. Rc3 Nd4 19. Nxd4 cxd4 20. Rc2 dxc4 21. dxc4 Rfd8 22. Qg4 Nc6 23. Bf4 Nb4 24. Rd2 Bb7 25. Bxb7 Rxb7 26. Nh2 Qc6 27. Qe2 d3 28. Qe4 Qxe4 29. Rxe4 Bf8 30. Nf3 Nc2 31. Rd1 Rxb2 32. Ne1 Nxe1 33. Rexe1 Bb4 34. Re4 a4 35. Be3 d2 36. Kf1 a3 37. Bd4 Rc2 38. Ba1 a2 39. Ke2 Bc3 40. c5 Bxa1 41. Rxa1 Rc1 0-1